4000 [i. e. Cuatro mil] años de arquitectura mexicana = 4000 Years of Mexican Architecture = 4000 Ans D´Architecture Mexicaine = 4000 Jahren Architektor in Mexiko. (Record no. 145)

MARC details
000 -CABECERA
campo de control de longitud fija 00839nam a2200205 a 4500
001 - NÚMERO DE CONTROL
campo de control BRCA_167
005 - FECHA Y HORA DE LA ÚLTIMA TRANSACCIÓN
campo de control 20190320202916.0
008 - DATOS DE LONGITUD FIJA--INFORMACIÓN GENERAL
campo de control de longitud fija 841026s1956 xx-a---###---#000-0#ita-u
040 ## - FUENTE DE LA CATALOGACIÓN
Centro catalogador/agencia de origen DLC
Centro/agencia transcriptor CarP
Centro/agencia modificador DLC
050 #4 - SIGNATURA TOPOGRÁFICA DE LA BIBLIOTECA DEL CONGRESO
Número de clasificación NA750
Número de documento/Ítem .C93 1956
245 10 - MENCIÓN DE TÍTULO
Título 4000 [i. e. Cuatro mil] años de arquitectura mexicana = 4000 Years of Mexican Architecture = 4000 Ans D´Architecture Mexicaine = 4000 Jahren Architektor in Mexiko.
260 ## - PUBLICACIÓN, DISTRIBUCIÓN, ETC.
Lugar de publicación, distribución, etc. México
Nombre del editor, distribuidor, etc. Sociedad de Arquitectos Mexicanos : Colegio Nacional de Arquitectos de México
Fecha de publicación, distribución, etc. [1956]
300 ## - DESCRIPCIÓN FÍSICA
Extensión 330 p.
Otras características físicas il.
Dimensiones 33 cm.
546 ## - NOTA DE LENGUA/LENGUAJE
Nota de lengua/lenguaje Texto en español, inglés, francés y alemán
650 14 - PUNTO DE ACCESO ADICIONAL DE MATERIA--TÉRMINO DE MATERIA
Término de materia o nombre geográfico como elemento de entrada Arquitectura
Subdivisión general Historia
Subdivisión geográfica México
9 (RLIN) 639
740 0# - PUNTO DE ACCESO ADICIONAL--TÍTULO RELACIONADO O ANALÍTICO NO CONTROLADO
Título relacionado o analítico no controlado 4000 Years of Mexican Architecture
740 0# - PUNTO DE ACCESO ADICIONAL--TÍTULO RELACIONADO O ANALÍTICO NO CONTROLADO
Título relacionado o analítico no controlado 4000 Ans D´Architecture Mexicaine
740 0# - PUNTO DE ACCESO ADICIONAL--TÍTULO RELACIONADO O ANALÍTICO NO CONTROLADO
Título relacionado o analítico no controlado 4000 Jahren Architektor in Mexiko
942 ## - ELEMENTOS DE PUNTO DE ACCESO ADICIONAL (KOHA)
Fuente del sistema de clasificación o colocación Library of Congress Classification
Tipo de ítem Koha Libros
Holdings
Estado de retiro Estado de pérdida Estado dañado No para préstamo Localización permanente Ubicación/localización actual Fecha de adquisición Total de préstamos Signatura topográfica completa Código de barras Fecha visto por última vez Precio válido a partir de Tipo de ítem Koha
El ejemplar forma parte de la colección y puede ser consultado según las políticas vigentes.       Biblioteca del Museo Franz Mayer (Rogerio Casas-Alatriste) Biblioteca del Museo Franz Mayer (Rogerio Casas-Alatriste) 25/06/2008   NA750 .C93 1956 00227 22/03/2019 22/03/2019 Libros